Geografické aspekty ekonomickej integrácie (vybrané problémy)
Analýza posledného vývoja EÚ z hľadiska integračných tendencií a ich priestorových a ďalších dôsledkov. Slovensko oslávilo už tretí rok členstva v tomto integračnom zoskupení a preto je dôležité uvedomiť si, že spomenuté procesy sa bezprostredne dotýkajú aj Slovenska. Kľúčovými aspektami, ktoré ovpl...
Saved in:
| Main Author: | |
|---|---|
| Other Authors: | |
| Format: | Book Chapter |
| Language: | Slovak |
| Subjects: | |
| Tags: |
No Tags, Be the first to tag this record!
|
MARC
| LEADER | 00000naa a2200000 4500 | ||
|---|---|---|---|
| 001 | 0146444 | ||
| 005 | 20220715084125.0 | ||
| 041 | 0 | |a slo | |
| 044 | |a SK | ||
| 245 | 1 | 0 | |a Geografické aspekty ekonomickej integrácie (vybrané problémy) |c Tibor Blažík, Erik Eleš |
| 520 | |a Analýza posledného vývoja EÚ z hľadiska integračných tendencií a ich priestorových a ďalších dôsledkov. Slovensko oslávilo už tretí rok členstva v tomto integračnom zoskupení a preto je dôležité uvedomiť si, že spomenuté procesy sa bezprostredne dotýkajú aj Slovenska. Kľúčovými aspektami, ktoré ovplyvňujú súčasný stav Európskej únie a jej ďalší vývoj je prehĺbenie integračných tendencií -transformácia EÚ, jej inštitcií, právomocí centra, Schengenský systém, menová únia, ako aj problematika ďalšieho rozširovania. | ||
| 610 | 2 | 0 | |a Európska únia |
| 610 | 2 | 0 | |a geografia |
| 610 | 2 | 0 | |a Slovensko |
| 610 | 2 | 0 | |a integrácia ekonomická |
| 610 | 2 | 0 | |a integrácia regionálna |
| 100 | 1 | |a Blažík, Tibor | |
| 700 | 1 | |a Eleš, Erik | |